|
|
|
|
| LEADER |
00000nam a2200000Ii 4500 |
| 001 |
DIGUAZUAY0091 |
| 003 |
NyNyDIG |
| 006 |
m o d |
| 007 |
cr ||||||||||| |
| 008 |
251104s2020 ec o o 000 0 spa d |
| 035 |
|
|
|a (OCoLC)1548424990
|
| 040 |
|
|
|a DGITA
|b eng
|e rda
|e pn
|c DGITA
|
| 020 |
|
|
|a 9789942822758
|q eBook
|
| 020 |
|
|
|z 9789942822680
|
| 050 |
1 |
4 |
|a HT129.E2 ebook
|
| 245 |
0 |
0 |
|a 1947 /
|c Santiago Vanegas Peña [and 12 others].
|
| 246 |
3 |
|
|a Mil novecientos cuarenta y siete
|
| 250 |
|
|
|a Primera edición.
|
| 264 |
|
1 |
|a Cuenca, Ecuador :
|b Universidad del Azuay, Casa Editora,
|c 2020.
|
| 300 |
|
|
|a 1 online resource :
|b photographs.
|
| 336 |
|
|
|a text
|b txt
|2 rdacontent
|
| 337 |
|
|
|a computer
|b c
|2 rdamedia
|
| 338 |
|
|
|a online resource
|b cr
|2 rdacarrier
|
| 347 |
|
|
|a text file
|2 rdaft
|
| 347 |
|
|
|b PDF
|
| 588 |
0 |
|
|a Online resource; title from PDF title page (Digitalia, viewed November 4, 2025)
|
| 650 |
|
0 |
|a City planning
|z Ecuador
|z Cuenca
|x History.
|
| 650 |
|
0 |
|a Architecture
|z Ecuador
|z Cuenca
|x History.
|
| 700 |
1 |
|
|a Vanegas Peña, Santiago,
|e author.
|
| 791 |
2 |
|
|a Digitalia (Firm),
|e distributor.
|
| 793 |
0 |
|
|g Digitalia eBook Collection:
|a Universidad del Azuay
|
| 776 |
0 |
8 |
|i Print version:
|t 1947.
|d Cuenca, Ecuador : Universidad del Azuay, Casa Editora, 2020
|z 9789942822680
|
| 856 |
4 |
0 |
|3 Digitalia Hispánica
|u https://www.digitaliapublishing.com/a/133475/
|
| 910 |
|
|
|a Premium collection: 2025
|